|
|
|
|
| LEADER |
01768nam a2200445 i 4500 |
| 001 |
EBC1965570 |
| 003 |
MiAaPQ |
| 005 |
20200520144314.0 |
| 006 |
m o d | |
| 007 |
cr cnu|||||||| |
| 008 |
141010t20152015gw ab ob 000 0 eng d |
| 020 |
|
|
|z 9783642552267
|
| 020 |
|
|
|a 9783642552274 (e-book)
|
| 035 |
|
|
|a (MiAaPQ)EBC1965570
|
| 035 |
|
|
|a (Au-PeEL)EBL1965570
|
| 035 |
|
|
|a (CaPaEBR)ebr10948004
|
| 035 |
|
|
|a (CaONFJC)MIL790136
|
| 035 |
|
|
|a (OCoLC)892912884
|
| 040 |
|
|
|a MiAaPQ
|b eng
|e rda
|e pn
|c MiAaPQ
|d MiAaPQ
|
| 043 |
|
|
|a mb-----
|
| 050 |
|
4 |
|a GC681
|b .B53 2015
|
| 082 |
0 |
|
|a 551.4635
|2 23
|
| 245 |
0 |
4 |
|a The black sea encyclopedia /
|c Sergei R. Grinevetsky [and four others].
|
| 264 |
|
1 |
|a Berlin, Germany ;
|a Heidelberg, Germany :
|b Springer-Verlag,
|c 2015.
|
| 264 |
|
4 |
|c 2015
|
| 300 |
|
|
|a 1 online resource (885 pages) :
|b illustrations (some color), map
|
| 336 |
|
|
|a text
|2 rdacontent
|
| 337 |
|
|
|a computer
|2 rdamedia
|
| 338 |
|
|
|a online resource
|2 rdacarrier
|
| 504 |
|
|
|a Includes bibliographical references.
|
| 588 |
|
|
|a Description based on print version record.
|
| 590 |
|
|
|a Electronic reproduction. Ann Arbor, MI : ProQuest, 2015. Available via World Wide Web. Access may be limited to ProQuest affiliated libraries.
|
| 651 |
|
0 |
|a Black Sea
|x Navigation.
|
| 651 |
|
0 |
|a Black Sea
|x History.
|
| 651 |
|
0 |
|a Black Sea
|x Navigation
|v Early works to 1800.
|
| 655 |
|
4 |
|a Electronic books.
|
| 700 |
1 |
|
|a Grinevetsky, Sergei R.,
|e author.
|
| 776 |
0 |
8 |
|i Print version:
|t Black sea encyclopedia.
|d Berlin, Germany ; Heidelberg, Germany : Springer-Verlag, c2015
|h vi, 889 pages
|z 9783642552267
|w 2014949201
|
| 797 |
2 |
|
|a ProQuest (Firm)
|
| 856 |
4 |
0 |
|u https://ebookcentral.proquest.com/lib/matrademy/detail.action?docID=1965570
|z Click to View
|